000 00311nam a2200133 a 4500
005 20140414132056.0
008 100520s19uu xx 00 eng d
050 _aM 793.2
_bW24 1999
100 _aWarner, Penny
245 _aBaby birthday parties.
650 _aBirthday
999 _c114309
_d114309